CORTIS Discography (Updated May 2026!) - Statistics

General Stats
  • This quiz has been taken 48 times
  • The average score is 12 of 13
Answer Stats
Hint Answer % Correct
Color Outside the Lines GO!
100%
GREENGREEN REDRED
100%
GREENGREEN ACAI
98%
Color Outside the Lines FaSHioN
98%
GREENGREEN TNT
98%
Color Outside the Lines What You Want
98%
Color Outside the Lines What You Want (feat. Teezo Touchdown)
98%
GREENGREEN Blue Lips
93%
Color Outside the Lines JoyRide
93%
Color Outside the Lines Lullaby
90%
GREENGREEN Wassup
90%
GREENGREEN YOUNGCREATORCREW
90%
GOAT OST Mention Me
86%
No matching quizzes found
Score Distribution
Percent of People with Each Score
Percentile by Number Answered
Your Score History
You have not taken this quiz